000 00590cam a22002053a 4500
001 42889
003 PGUSA
005 20140828083955.0
008 130607s2013||||xxu|||||s|||||000 | eng d
040 _aPGUSA
_beng
042 _adc
100 1 _aBaughan, Rosa
245 1 4 _aThe Influence of the Stars :
_bA book of old world lore
_h[electronic resource] /
_cRosa Baughan
260 _bProject Gutenberg,
_c2013
506 _aPublic domain in the USA.
516 _aElectronic text
830 0 _aProject Gutenberg
_v42889
856 4 0 _uhttp://www.gutenberg.org/ebooks/42889
942 _cEB
999 _c272141
_d272141